Duńscy sportowcy - nagła śmierć - Statystyki

Ogólne statystyki
  • Ten quiz został rozwiązany 40 razy
  • Średni wynik to 7 z 10
Answers on the Grid
Answers color-coded by a green-red scale on the quiz's grid according to % correct below.
Christian Eriksen
Martin Ødegaard
Caroline Wozniacki
Peter Schmeichel
Petra Majdič
Michael Laudrup
Jannik Sinner
Mikkel Hansen
Daniel-André Tande
Michal Papadopulos
Niklas Landin
Valtteri Bottas
Nicki Pedersen
Jonas Vingegaard
Holger Rune
Konstantin Vassiljev
Henrik Larsson
Christian Gytkjær
Johannes Thingnes Bø
Halvor Egner Granerud
 
Statystyki odpowiedzi
Odpowiedź % Poprawnych
Christian Eriksen
100%
Peter Schmeichel
88%
Michael Laudrup
82%
Nicki Pedersen
73%
Caroline Wozniacki
67%
Mikkel Hansen
67%
Christian Gytkjær
61%
Jonas Vingegaard
55%
Niklas Landin
55%
Holger Rune
39%
Nie znaleziono quizów pasujących do podanych kryteriów
Rozkład punktacji
Procent ludzi z każdym wynikiem
Percentyl według liczby udzielonych odpowiedzi
Twoja historia wyników
Nie rozwiązałeś tego quizu